000 00325nam a22001097a 4500
082 _a510
_bSHA/O
100 _aDr.R.D.SHARMA
245 _aOBJECTIVE MATHEMATICS VOLUME 1
_bCLASS XII
260 _aDELHI
_bDHANPAT RAI PUBLICATIONS
_c2011
650 _aMATHS FOR CLASS XII, AND ALL ENGINEERING ENTRANCE EXAMINATIONS
_zINDIA
942 _cBK
999 _c640
_d640